Japonais - Statistiques

Statistiques générales
  • Ce quiz a été pris 19 fois
  • Le résultat moyen est 37 sur 38
Statistiques - réponses
Phonétique Hiragana Traduction % Correct
Aoi あおい Bleu/Vert
100%
Ai あい Amour
100%
iu いう Dire
100%
ue うえ sur/au dessus
100%
ie いえ la maison
100%
iie いいえ non
100%
ooi おおい nombreux
100%
akai あかい Rouge
100%
eki えき La gare
100%
iku いく Aller
100%
ike いけ L'étang
100%
koko ここ Ici
100%
koe こえ La voix
100%
asa あさ le matin
100%
ishi いし la pierre
100%
ase あせ la transpiration
100%
asoko あそこ là-bas
100%
uso うそ le mensonge
100%
kutsushita くつした La chaussette
100%
ashita あした demain
100%
kachi かち la victoire
100%
tsuki つき la lune/ le mois
100%
chikatetsu ちかてつ le métro
100%
soto そと dehors
100%
toki とき le moment
100%
naka なか dans
100%
nani なに quoi, que
100%
inu いぬ chien
100%
tanuki たぬき tanuki
100%
Neko ねこ chat
100%
kitsune きつね renard
100%
kono この ce, cet, cette, ces
100%
hana はな la fleur
100%
kuta くた être mauvais
100%
hone ほね l'os
100%
fune ふね le bateau
91%
fuku ふく le vêtement
91%
o-sushi おーすし sushi
45%
Aucun quiz correspondant
Distribution des résultats
% des personnes avec chaque résultat
Percentile par nombre de réponses
Votre historique - résultats
Vous n’avez pas pris ce quiz